000 02026cam a22005054i 4500
003 PE-LiUPU
005 20250731165456.0
008 150623s r 000 0 d
020 _a1850755906
035 _a(Sirsi) i9781850755906
040 _aPE-LiUPU
_bspa
_cPE-LiUPU
_erda
049 _aPRUA
082 0 4 _a225.077
_bJS
_221
100 1 _aMatlock, R. Barry,
_eautor.
245 1 0 _aUnveiling the apocalyptic Paul :
_bPaul's interpreters and the rhetoric of criticism.
_n127.
264 1 _aMidsomer Norton, Bath, Great Britain :
_bSheffield Academic Press,
_c1996.
300 _a361 páginas ;
_c22 centímetros
336 _atext
_2rdacontent
337 _aunmediated
_2rdamedia
338 _avolume
_2rdacarrier
490 0 _aJournal for the study of N.T. Supplement Series ;
_v127
504 _aBibliografía: p. 341-357.
505 0 _aThe beginnings: Albert Schweitzer and the eschatological Paul. -History and eschatology: dodd, bultmann and cullmann. -Enthuasiam for an `Apocalyptic' Paul: Ernst Käsemann. -`Apocalyptic' interpretation and interpreting `Apocalyptic' : a critique. -Once more hermeneutics.
526 _aSEG44
526 _aSEG26
526 _aP151
526 _aP150
526 _aP149
526 _aP146
526 _aP145
526 _aP126
526 _aP125
526 _aP92
526 _aP75
526 _aP74
526 _aP27
526 _aP15
600 1 _aPablo de Tarso.
_d2 a. C. - c. 66 d. C.
942 _2ddc
_cBOOK
949 _aRC 225.077 JS 127
_wDEWEY
_c1
_i45041
_lCCODEBUL1
_mBUL
_r0
_sY
_tBOOK
_u2015-6-24
_xTEOLOGIA
_PP35
_0COMPRA
_o.CIRCNOTE. No olvidar cambiar la fecha de devolución!!!!!!!
_o.STAFF. Colección General
994 _aC0
_bPEPRU
596 _a1
999 _aRC 225.077 JS 127
_wDEWEY
_c21922
_i45041
_f2021-11-8
_g6
_lCCODEBUL1
_mBUL
_r1
_sY
_tBOOK
_u2015-6-24
_xTEOLOGIA
_PP35
_0COMPRA
_o.CIRCNOTE. No olvidar cambiar la fecha de devolución!!!!!!!
_o.STAFF. Colección General
_d21922
980 _81
_gALBERTO SANCHEZ Responsable de Automatización